Cities in Rheinland-Pfalz - Statistics

General Stats
  • This quiz has been taken 27 times
  • The average score is 17 of 30
Answers on the Grid
Answers color-coded by a green-red scale on the quiz's grid according to % correct below.
Kaiserslautern
Warburg
Kassel
Neuruppin
Zweibrücken
Birkenfeld
Uelzen
Harsefeld
Idar-Oberstein
Ibbenbüren
Neustadt an der Weinstraße
Bad Harzburg
Ludwigshafen am Rhein
Worms
Alzey
Münster
Koblenz
Betzdorf
Köthen
Markneukirchen
Bad Dürkheim
Arnstadt
Saarburg
Montabaur
Mayen
Bad Bergzabern
Achim
Prüm
Trier
Rotenburg an der Wümme
Mainz
Bad Kreuznach
Pirmasens
Sangerhausen
Meisenheim
Konz
Eschwege
Gerolstein
Wetzlar
Neuwied
Cochem
Sulingen
Hillesheim
Schwerin
Morbach
Loxstedt
Wittlich
Bitburg
Speyer
Quedlinburg
 
Answer Stats
Answer % Correct
Kaiserslautern
89%
Idar-Oberstein
74%
Koblenz
74%
Mainz
74%
Neuwied
74%
Trier
74%
Zweibrücken
74%
Ludwigshafen am Rhein
68%
Neustadt an der Weinstraße
68%
Alzey
63%
Bad Kreuznach
63%
Gerolstein
63%
Mayen
63%
Pirmasens
63%
Worms
63%
Bad Dürkheim
58%
Birkenfeld
58%
Speyer
58%
Bitburg
53%
Cochem
53%
Wittlich
47%
Bad Bergzabern
42%
Montabaur
42%
Meisenheim
37%
Prüm
37%
Saarburg
37%
Konz
32%
Betzdorf
26%
Morbach
26%
Hillesheim
21%
No matching quizzes found
Score Distribution
Percent of People with Each Score
Percentile by Number Answered
Your Score History
You have not taken this quiz